Largest City Squares - Statistics

General Stats
  • This quiz has been taken 458 times
    444 since last reset
  • The average score is 16 of 31
Answer Stats
Area (m2) City square Country City % Correct
440,000 Tiananmen Square China Beijing
100%
140,000 People's Square China Shanghai
98%
1,000,000 Merdeka Square Indonesia Jakarta
95%
130,000 Universitetskaya Square Russia Moscow
93%
566,560 Rizal Park Philippines Manila
92%
271,139 Quezon Memorial Circle Philippines Manila
92%
176,000 Praça do Relógio Brazil São Paulo
92%
240,000 Parade Square Poland Warsaw
90%
130,000 Moskovskaya Square Russia St. Petersburg
87%
240,000 Liberty Square Taiwan Taipei
87%
306,600 India Gate Complex India New Delhi
86%
560,000 Huacheng Square China Guangzhou
84%
114,000 Sanam Luang Thailand Bangkok
79%
140,000 Bulgaria Square Bulgaria Sofia
78%
121,800 Republic Square Kazakhstan Almaty
61%
400,000 Macroplaza Mexico Monterrey
52%
152,000 Perm Esplanade Russia Perm
52%
119,000 Freedom Square Ukraine Kharkiv
46%
126,000 Place des Quinconces France Bordeaux
29%
1,760,000 Xinghai Square China Dalian
25%
125,000 People's Square China Dalian
25%
151,800 Niti Mandala Square Indonesia Denpasar
23%
174,000 Kuybyshev Square Russia Samara
15%
110,350 Karebosi Square Indonesia Makassar
10%
205,000 Cultural Square China Changchun
8%
220,000 Quancheng Square China Jinan
7%
122,588 Bayi Square China Nanchang
5%
130,000 Piazza Carlo di Borbone Italy Caserta
4%
1,440,000 Times Square China Daqing
3%
570,000 Sunflower Square Brazil Palmas
3%
216,000 People's Square China Linyi
2%
No matching quizzes found
Score Distribution
Percent of People with Each Score
Percentile by Number Answered
Your Score History
You have not taken this quiz since the last reset